| 000 | 00908nas a2200313 4500 | ||
|---|---|---|---|
| 001 | BR2015005417 | ||
| 003 | BR-BrBNA | ||
| 005 | 20231205125751.0 | ||
| 007 | ta | ||
| 008 | 230509b bl.|||p| |||| 00| 00por d | ||
| 040 |
_aBR-BrBNA _bpor _cBiblioteca Nacional de Agricultura |
||
| 041 | _a(Pt) | ||
| 072 | _aQ03 | ||
| 100 | 1 | _aTeodoro, V.A.M. | |
| 100 | 1 | _aPereira, D.A. | |
| 100 | 1 | _aPaiva, P.H.C. | |
| 100 | 1 | _aMoreira, G. de M.M. | |
| 100 | 1 | _aMiguel, E.M. | |
| 245 | 1 | _aQualidade do leite | |
| 650 | _aLEITE | ||
| 650 | _aQUALIDADE | ||
| 650 | _aCONTAMINAÇÃO | ||
| 650 | _aLEGISLAÇÃO | ||
| 650 | _aCADEIA PRODUTIVA | ||
| 650 | _aHIGIENE DE ALIMENTO | ||
| 773 | 0 |
_tInforme Agropecuário - Empresa de Pesquisa Agropecuária de Minas Gerais (Brazil) _xISSN 0100-3364 _g(2015), v. 36(284) p. 35-49 _wBR2015005417 |
|
| 909 |
_a202311 _bLúcia _c55 _dLúcia Elande |
||
| 942 |
_2AGRIS _n0 _cANA |
||
| 999 |
_c246031 _d246031 |
||